Things that come 4th - Statistics

General Stats
  • This quiz has been taken 7 times
  • The average score is 5 of 15
Answer Stats
Hint Answer % Correct
4th largest country China
100%
4th richest man in the world Jeff Bezos
100%
4th most common eye color Amber
50%
4th country alphabetically Andorra
50%
4th letter in the Greek alphabet Delta
50%
4th most visited website Instagram
50%
4th longest river in the world Mississippi
50%
4th movie of the Fast and Furious franchise Fast Four
0%
4th level of hell Greed
0%
4th most populous country Indonesia
0%
4th richest woman in the world Jacqueline Mars
0%
4th least populous country Palau
0%
4th amendment touches on unreasonable_____ search and seizure
0%
4th most popular fast food resteraunt Taco Bell
0%
4th smallest country Tuvalu
0%
No matching quizzes found
Score Distribution
Percent of People with Each Score
Percentile by Number Answered
Your Score History
You have not taken this quiz